Catholic University of Zimbabwe Library
Online Public Access Catalogue
(OPAC)

Studying the Bible (Record no. 20192)

MARC details
000 -LEADER
fixed length control field 02503nam a2200373 4500
001 - CONTROL NUMBER
control field OTLid0000855
003 - CONTROL NUMBER IDENTIFIER
control field MnU
005 - DATE AND TIME OF LATEST TRANSACTION
control field 20201105133411.0
006 - FIXED-LENGTH DATA ELEMENTS--ADDITIONAL MATERIAL CHARACTERISTICS
fixed length control field m o d s
008 - FIXED-LENGTH DATA ELEMENTS--GENERAL INFORMATION
fixed length control field 200629s2019 mnu o 0 0 eng d
020 ## - INTERNATIONAL STANDARD BOOK NUMBER
International Standard Book Number
040 ## - CATALOGING SOURCE
Original cataloging agency MnU
Language of cataloging eng
Transcribing agency MnU
050 #4 - LIBRARY OF CONGRESS CALL NUMBER
Classification number BL1
245 00 - TITLE STATEMENT
Title Studying the Bible
Remainder of title The Tanakh and Early Christian Writings
Statement of responsibility, etc. Gregory Eiselein
264 #2 - PRODUCTION, PUBLICATION, DISTRIBUTION, MANUFACTURE, AND COPYRIGHT NOTICE
Name of producer, publisher, distributor, manufacturer Open Textbook Library
264 #1 - PRODUCTION, PUBLICATION, DISTRIBUTION, MANUFACTURE, AND COPYRIGHT NOTICE
Name of producer, publisher, distributor, manufacturer New Prairie Press
300 ## - PHYSICAL DESCRIPTION
Extent 1 online resource
490 0# - SERIES STATEMENT
Series statement Open textbook library.
505 0# - FORMATTED CONTENTS NOTE
Formatted contents note Section I Introduction -- Chapter One The Bible and Literature -- Chapter Two The Composition, Editing, and Transmission of the Bible -- Section II The Hebrew Bible -- Chapter Three The Torah -- Chapter Four The Former Prophets -- Chapter Five The Latter Prophets -- Chapter Six The Writings -- Chapter Seven Apocalypse -- Chapter Eight The Apocrypha and Post-Exilic Literature -- Section III The Early Christian Writings -- Chapter Nine The Gospels -- Chapter Ten The Acts of the Apostles -- Chapter Eleven The Pauline Letters -- Chapter Twelve The General Letters
520 0# - SUMMARY, ETC.
Summary, etc. Studying the Bible: The Tanakh and Early Christian Writings is a university-level, textbook introduction to the study of the Bible, its literary forms, and historical and cultural contexts. This textbook is a companion to the Bible courses taught in the English Department at Kansas State University, in particular ENGL 470 The Bible, though it is available for use in other courses and contexts. This textbook examines the Hebrew Bible (also known as the Tanakh) and the early Christian writings of the New Testament. It is an introduction to the analysis of biblical texts, their histories, and their interpretations. The emphasis throughout this textbook is on the literary qualities of these biblical texts as well as their cultural and historical contexts.
542 1# - INFORMATION RELATING TO COPYRIGHT STATUS
Copyright statement Attribution-NonCommercial
546 ## - LANGUAGE NOTE
Language note In English.
588 0# - SOURCE OF DESCRIPTION NOTE
Source of description note Description based on online resource
650 #0 - SUBJECT ADDED ENTRY--TOPICAL TERM
Topical term or geographic name entry element Religion
Form subdivision Textbooks
700 1# - ADDED ENTRY--PERSONAL NAME
Personal name Eiselein, Gregory
Relator term author
700 1# - ADDED ENTRY--PERSONAL NAME
Personal name Goins, Anna
Relator term author
700 1# - ADDED ENTRY--PERSONAL NAME
Personal name Wood, Naomi J.
Relator term author
710 2# - ADDED ENTRY--CORPORATE NAME
Corporate name or jurisdiction name as entry element Open Textbook Library
Relator term distributor
856 40 - ELECTRONIC LOCATION AND ACCESS
Uniform Resource Identifier <a href="https://open.umn.edu/opentextbooks/textbooks/855">https://open.umn.edu/opentextbooks/textbooks/855</a>
Public note Access online version
Holdings
Withdrawn status Lost status Source of classification or shelving scheme Damaged status Not for loan Home library Shelving location Date acquired Total Checkouts Full call number Date last seen Uniform Resource Identifier Price effective from Koha item type
          Digital Library Online Access 05.11.2020   BL1 05.11.2020 https://open.umn.edu/opentextbooks/textbooks/855 05.11.2020 eBook

OPENING HOURS

Weekdays: 0815hrs - 1800hrs
Weekends:0900hrs - 1200hrs

Closed for Mass:

Mon, Thur: 1200hrs - 1300hrs
Sunday & Public Holiday’s

CALL SUPPORT

0242-570570, 0242-570169
09200664, +263 8644140602

LOCATION

18443, Cranborne Avenue, Hatfield, Harare

Other Links


©2021 | CUZ Library